Alliteration by Letter - L - Statistics

General Stats
  • This quiz has been taken 289 times
  • The average score is 6 of 15
Answer Stats
Hint Answer % Correct
Romantic correspondence Love Letter
84%
DC Comics supervillain Lex Luthor
74%
Psychedelic light source Lava Lamp
65%
Charlie's Angel turned "Watson" Lucy Liu
65%
Who you hope accompanies you when gambling Lady Luck
59%
Xena Warrior Princess Lucy Lawless
44%
TLC singer killed in a car accident in 2002 Lisa "Lefteye" Lopes
42%
Nasolabial Folds; Why an incredibly vain person might stop smiling Laugh Lines
36%
Advice taught to children, in the face of mortality, etc. Life Lessons
34%
Largest inland stretch of water in Great Britain by surface area Loch Lomond
31%
Three-time Academy Award nominated actress (You Can Count on Me; Kinsey; The Savages) Laura Linney
21%
Inventory of tedious, mundane, or distastelful items or characteristics Laundry List
18%
"Sloppy Joe" loving Chris Farley SNL character Lunch Lady
11%
American journalist and TV correspondent Lisa Ling
8%
Basic counterexample of topology; Fishing tool Long Line
4%
No matching quizzes found
Score Distribution
Percent of People with Each Score
Percentile by Number Answered
Your Score History
You have not taken this quiz